000 00375nam a22001337a 4500
008 170413b xxu||||| |||| 00| | tur d
022 _a1300-154X
050 _aDR432
100 _9215
_aNazar Büyüm
245 _aAdam Sanat
260 _aİstanbul
_bAdam Yayıncılık
500 _aYayın Yönetmeni ve Sorumlu Yazı İşleri Müdürü: Turgay Fişekçi
942 _2lcc
_cCR
_s1
999 _c143
_d139